1938 1582 1095 1762 1723 1503 1372 1692 1133 1212 1352 1135 1957 1895 1720 1947 1134 1693 1451 1519 1360 1421 1949 1128 1058 1158 1307 1950 1170 1037 1143 1547 1512 1508 1694 1137 1049 1786 1671 1080 1254 1139 1532 1826 1934 1593 1847 1355 1378 1322 1891 1126 1018 1939 1826 1418 1256 1641 1648 1491 1330 1660 1223 1536 1879 1675 1319 1710 1712 1026 1666 1617 1003 1712 1725 1233 1287 1232 1908 1112 1627 1556 1588 1282 1913 1837 1754 1502 1712 1408 1416 1492 1534 1213 1491 1229 1113 1063 1050 BCNSPRNW ULIB Ver.6.0+V

เปลี่ยนเป็นภาษาไทย

Change to English
 แสดงรายละเอียดบรรณานุกรม
  กลับหน้าหลัก

Brief Record : Get Marc (ISO 2709) : E-mail record : QR code < ปิดหน้าต่าง
LEADER : 00000nam 2200000uu 4500
001    13399115060
003     ULIB
008    120706s2550||||th 000 0 tha d
020    ^a9789744723642
090    ^aนว.^bร930ฮ ล.3 2550
100 0  ^aโรว์ลิ่ง, เจ.เค.
245 00 ^aแฮร์รี่ พอตเตอร์ กับนักโทษแห่งอัซคามัน เล่ม 3/^cโรว์ลิ่ง, เจ.เค.
250    ^aพิมพ์ครั้งที่ 22
260    ^aกรุงเทพฯ :^bนานมีบุ๊คส์,^c2550
300    ^a520หน้า
710 1  ^aนานมีบุ๊คส์
945    ^p0^l0^i14051
995    ^aกัณชพร
999    ^aใช้งานได้ทุกระบบ
รายการนี้ยังไม่มีแท็ก
คุณยังไม่ได้ล็อกอิน คุณสามารถมีกิจกรรมร่วมกับเว็บไซต์ได้ แต่ต้องล็อกอินก่อน ::
  ล็อกอิน

รายการสื่อสารสนเทศ

ลำดับที่ ประเภท เลขเรียก/บาร์โค้ด สถานที่ สถานะ
- ไม่พบข้อมูล -

รายการใกล้เคียง
    ผู้แต่ง [โรว์ลิ่ง, เจ.เค.]

BibComment


ยังไม่เคยถูกคอมเมนท์

คอมเมนท์ทรัพยากรรายการนี้
  คอมเมนท์: แฮร์รี่ พอตเตอร์..


 Copyright 2026. Bcnsprnw @Library